Personnages tomes My Hero Academia - Statistiques

Statistiques générales
  • Ce quiz a été pris 266 fois
    187 depuis la dernière actualisation
  • Le résultat moyen est 13 sur 33
Statistiques - réponses
Hint Réponse % Correct
Tome 2 All Might
90%
Tome 1 Izuku Midoriya
89%
Tome 3 Katsuki Bakugo
83%
Tome 4 Ochaco Uraraka
69%
Tome 6 Shoto Todoroki
60%
Tome 5 Tenya Iida
59%
Tome 7 Shota Aizawa
54%
Tome 8 Momo Yaoyorozu
44%
Tome 9 Tsuyu Asui
43%
Tome 11 Eijiro Kirishima
40%
Tome 12 Denki Kaminari
38%
Tome 14 Mina Ashido
35%
Tome 10 Yuga Aoyama
34%
Tome 19 Kyoka Jiro
32%
Tome 15 Minoru Mineta
32%
Tome 17 Mirio Togata
32%
Tome 27 Hawks
31%
Tome 26 Endeavor
29%
Tome 20 Fumikage Tokoyami
29%
Tome 22 Hanta Sero
29%
Tome 18 Koji Koda
29%
Tome 25 Shigaraki Tomura
29%
Tome 23 Rikido Sato
27%
Tome 32 Himiko Toga
26%
Tome 13 Mashirao Ojiro
26%
Tome 16 Mezo Shoji
26%
Tome 21 Toru Hagakure
26%
Tome 24 Twice
26%
Tome 30 Nejire Hado
25%
Tome 28 Present Mic
25%
Tome 31 Best Jeanist
24%
Tome 33 Nezu
23%
Tome 29 Mount Lady
22%
Aucun quiz correspondant
Distribution des résultats
% des personnes avec chaque résultat
Percentile par nombre de réponses
Votre historique - résultats
Vous n’avez pas pris ce quiz depuis la dernière actualisation